000 00418nam a22001697a 4500
005 20160630104848.0
008 160630b xxu||||| |||| 00| 0 eng d
020 _a978-93-80027-59-3
041 _aeng
082 _b19446
100 _aKumar, Dr D S
_93275
245 _aBasics of mechanical engineering
260 _bS.K. Kataria & Sons
_c2012
300 _a540
650 _aDiploma Engineering
_9817
942 _cBK
999 _c4859
_d4857